Facilities for training to meet the needs of the mentally retarded. (Record no. 34754)

MARC details
000 -LEADER
fixed length control field 00632cam a2200169 4500
001 - CONTROL NUMBER
control field hew68000030
003 - CONTROL NUMBER IDENTIFIER
control field DLC
005 - DATE AND TIME OF LATEST TRANSACTION
control field 20260227111516.0
008 - FIXED-LENGTH DATA ELEMENTS--GENERAL INFORMATION
fixed length control field 690424s1967 dcua 000 0 eng c
010 ## - LIBRARY OF CONGRESS CONTROL NUMBER
LC control number hew68000030
040 ## - CATALOGING SOURCE
Original cataloging agency U.S. Dept. of Health, Education and Welfare. Library HV3006.A1A7
Transcribing agency DLC
Modifying agency DLC
110 1# - MAIN ENTRY--CORPORATE NAME
Corporate name or jurisdiction name as entry element United States.
Subordinate unit Rehabilitation Services Administration.
-- Division of Mental Retardation.
245 10 - TITLE STATEMENT
Title Facilities for training to meet the needs of the mentally retarded.
260 ## - PUBLICATION, DISTRIBUTION, ETC.
Place of publication, distribution, etc. [Washington,
Date of publication, distribution, etc. 1967]
300 ## - PHYSICAL DESCRIPTION
Extent 16 p.
Other physical details illus.
Dimensions 24 cm.
650 #0 - SUBJECT ADDED ENTRY--TOPICAL TERM
Topical term or geographic name entry element People with mental disabilities
General subdivision Care
Geographic subdivision United States.

No items available.

Powered by Koha